00692 2200193 4500001002100000005001500021035002000036007000300056008004100059020002200100082000800122084001400130100002000144245022200164260004000386300004600426650001000472990001600482INLIS00000000000036020221026102704 a0010-1022000102ta221026 b 1 ind  a978-602-252-389-5 a398 a398 TIM c0 aTim Penulis EFK1 aCerita Rakyat Nusantara 8 :bAsal Mula Telaga Wekaburi; Batu Menangis; La Upe dan Raja Ikan; asal Mula Anak Sungai Mahakam; Petualangan Si Kembar Indara Pitaraa dan Siraapare; Tulap si Raksasa Rakus /cTim Penulis EFK aJakarta :bErlangga For Kids,c2014 a85 halaman :bilustrasi berwarna ;c24 cm 4afiksi a00000000458